Белебей: от века XVIII - к веку XXI (Запись № 361068)

Подробности
000 -МАРКЕР
контрольное поле 01924nam0a2200361 4500
001 - ИДЕНТИФИКАТОР ЗАПИСИ
контрольное поле RU\NLR\bibl\976694
005 - ИДЕНТИФИКАТОР ВЕРСИИ
контрольное поле 20260407142510.0
010 ## - МЕЖДУНАРОДНЫЙ СТАНДАРТНЫЙ НОМЕР КНИГИ (ISBN)
Номер (ISBN) 5-85051-386-8
Тираж 2000
021 ## - НОМЕР ГОСУДАРСТВЕННОЙ РЕГИСТРАЦИИ
Код страны Российская Федерация
Номер 2006-43771
Номер Листа государственной регистраци 2187
035 ## - ДРУГИЕ СИСТЕМНЫЕ НОМЕРА
Идентификатор записи (NLR Aleph) 000964616
100 ## - ДАННЫЕ ОБЩЕЙ ОБРАБОТКИ
Данные общей обработки 20060821d2006 |||y0rusy50 ca
101 0# - ЯЗЫК РЕСУРСА
Язык текста, звукозаписи и т.д. русский
102 ## - СТРАНА ПУБЛИКАЦИИ ИЛИ ПРОИЗВОДСТВА
Страна публикации Российская Федерация
105 ## - ПОЛЕ КОДИРОВАННЫХ ДАННЫХ: ТЕКСТОВЫЕ МАТЕРИАЛЫ, МОНОГРАФИЧЕСКИЕ
Кодированные данные о монографическом текстовом документе a |||||||||
200 1# - ЗАГЛАВИЕ И СВЕДЕНИЯ ОБ ОТВЕТСТВЕННОСТИ
Основное заглавие Белебей: от века XVIII - к веку XXI
Сведения, относящиеся к заглавию городу Белебею - 225 лет
Первые сведения об ответственности [Т. И. Аминев, Д. С. Ахметзянов, П. А. Федин, В. А. Иванов
Последующие сведения об ответственности лит. обраб. Д. С. Ахметзянов]
-- Администрация муницип. р-на "Белебеев. р-н" Респ. Башкортостан
210 ## - ПУБЛИКАЦИЯ, РАСПРОСТРАНЕНИЕ И ДР.
Место издания, распространения и т.д. Уфа
Имя издателя, распространителя и т. д. Администрация муниципального района Белебеевский район РБ
Дата издания, распространения и т.д. 2006
Имя изготовителя Уфим. полиграфкомбинат
215 ## - ФИЗИЧЕСКАЯ ХАРАКТЕРИСТИКА
Специфическое обозначение материала и объем 430, [1] с.
Другие сведения о физической характеристике ил., цв. ил.
Размеры 25
300 ## - ОБЩИЕ ПРИМЕЧАНИЯ
Текст примечания Авт. указаны над вып. дан.
607 ## - ГЕОГРАФИЧЕСКОЕ НАИМЕНОВАНИЕ КАК ПРЕДМЕТ
Географическое наименование Белебей, город (Башкирия)
Тематический подзаголовок История
Системный номер авторитетной/нормативной записи 1189610
Идентификатор авторитетной/нормативной записи RU\NLR\auth\66162033
686 ## - ИНДЕКСЫ ДРУГИХ КЛАССИФИКАЦИЙ
Индекс Т3(2Р-6Б-2Б)
701 #1 - ИМЯ ЛИЦА - АЛЬТЕРНАТИВНАЯ ОТВЕТСТВЕННОСТЬ
Начальный элемент ввода Аминев
Часть имени, кроме начального элемента ввода Т. И.
Расширение инициалов личного имени Талгиль Исмагилович
Код отношения Автор
701 #1 - ИМЯ ЛИЦА - АЛЬТЕРНАТИВНАЯ ОТВЕТСТВЕННОСТЬ
Начальный элемент ввода Ахметзянов
Часть имени, кроме начального элемента ввода Д. С.
Расширение инициалов личного имени Денис Сабирович
Код отношения Автор
701 #1 - ИМЯ ЛИЦА - АЛЬТЕРНАТИВНАЯ ОТВЕТСТВЕННОСТЬ
Код отношения Автор
Материалы, к которым относится поле rus
Графика поля Кириллица
Начальный элемент ввода Федин
Часть имени, кроме начального элемента ввода П. А.
Расширение инициалов личного имени Павел Анисимович
Идентификатор авторитетной/нормативной записи RU\NLR\AUTH\7755277
Системный номер авторитетной/нормативной записи 38209
701 #1 - ИМЯ ЛИЦА - АЛЬТЕРНАТИВНАЯ ОТВЕТСТВЕННОСТЬ
Код отношения Автор
Материалы, к которым относится поле rus
Графика поля Кириллица
Начальный элемент ввода Иванов
Часть имени, кроме начального элемента ввода В.А.
Дополнения к именам, кроме дат краевед
Расширение инициалов личного имени Виталий Александрович
Идентификатор авторитетной/нормативной записи RU\NLR\AUTH\7742373
Системный номер авторитетной/нормативной записи 25318
712 01 - НАИМЕНОВАНИЕ ОРГАНИЗАЦИИ - ВТОРИЧНАЯ ОТВЕТСТВЕННОСТЬ
Код отношения Прочие
Начальный элемент ввода Белебеевский район
Идентифицирующий признак Республика Башкортостан
Структурное подразделение Администрация
Идентификатор авторитетной/нормативной записи RU\NLR\AUTH\8810085688
Системный номер авторитетной/нормативной записи 673271
801 #0 - ИСТОЧНИК ЗАПИСИ
Страна Российская Федерация
Организация NLR
Дата составления 20060821
Правила каталогизации rcr
801 #1 - ИСТОЧНИК ЗАПИСИ
Страна Российская Федерация
Организация NLR
Дата составления 20060821
942 ## - ДОПОЛНИТЕЛЬНЫЕ ЭЛЕМЕНТЫ ЗАПИСИ (АБИС)
Тип экземпляра АБИС Книга
980 ## - КОЛЛЕКЦИЯ
Название коллекции Национальная библиография
980 ## - КОЛЛЕКЦИЯ
Название коллекции НБР
Экземпляры
Тип экземпляра Дата поступления Источник поступления Библиотека постоянного хранения Библиотека текущего хранения Место хранения Шифр хранения Штрих-код Статус экземпляра
Книга 21.08.2006 Обязательный экземпляр РНБ (Московский) РНБ (Московский) Русский книжный фонд: издания с 1957 года 2006-7/4199 1-1677811  
Книга 21.08.2006 Обязательный экземпляр РНБ (Московский) РНБ (Московский) Русский книжный фонд: издания с 1957 года 2006-7/4199 2245127